| 000 | 00000nam 2200000zi 4500 |
| 001 | 9.951657 |
| 003 | CaOODSP |
| 005 | 20250703123828 |
| 006 | m o d f |
| 007 | cr mn||||||||| |
| 008 | 250530s2025 onc o f000 0 eng d |
| 020 | |a9780660775340 |
| 040 | |aCaOODSP|beng|erda|cCaOODSP |
| 043 | |an-cn--- |
| 045 | |ay2y2 |
| 086 | 1 |aPS4-335/2025E-PDF |
| 245 | 00|aFlood risk resilience and seismic awareness and mitigation study (2025) : |bfindings report / |cprepared for Public Safety Canada. |
| 246 | 17|aPublic Safety Canada - flood risk resilience and seismic awareness and mitigation study |
| 264 | 1|a[Ottawa] : |bPublic Safety Canada = Sécurité publique Canada, |c2025. |
| 300 | |a1 online resource (55 pages) |
| 336 | |atext|btxt|2rdacontent |
| 337 | |acomputer|bc|2rdamedia |
| 338 | |aonline resource|bcr|2rdacarrier |
| 500 | |aIssued also in French under title: Étude de référence sur la résilience face aux risques d'inondation et la sensibilisation et l'atténuation des risques sismiques (2025) : rapport sur les résultats. |
| 500 | |aTitle from cover. |
| 500 | |a"Supplier: Ipsos Limited Partnership." |
| 500 | |a"Contract number: CW2384195." |
| 500 | |a"Delivery date: 2025-03-15." |
| 500 | |a"Registration number: POR 081-24." |
| 650 | 0|aFloods|zCanada|xPublic opinion. |
| 650 | 0|aFlood damage prevention|zCanada|xPublic opinion. |
| 650 | 0|aEarthquakes|zCanada|xPublic opinion. |
| 650 | 0|aEarthquakes|zCanada|xSafety measures|xPublic opinion. |
| 650 | 0|aNatural disasters|zCanada|xPublic opinion. |
| 650 | 0|aEmergency management|zCanada|xPublic opinion. |
| 650 | 0|aPublic opinion|zCanada. |
| 710 | 1 |aCanada. |bPublic Safety Canada, |eissuing body. |
| 710 | 2 |aIpsos (Firm). |bPublic Affairs, |econsultant. |
| 775 | 08|tÉtude de référence sur la résilience face aux risques d'inondation et la sensibilisation et l'atténuation des risques sismiques (2025) : |w(CaOODSP)9.951658 |
| 856 | 40|qPDF|s1.17 MB|uhttps://publications.gc.ca/collections/collection_2025/sp-ps/PS4-335-2025-eng.pdf|zFindings report |
| 856 | 4 |qHTML|sN/A|uhttps://epe.bac-lac.gc.ca/100/200/301/pwgsc-tpsgc/por-ef/public_safety_canada/2025/081-24-e/081-24-report.htm|zFindings report |
| 856 | 4 |qHTML|sN/A|uhttps://epe.bac-lac.gc.ca/100/200/301/pwgsc-tpsgc/por-ef/public_safety_canada/2025/081-24-e/index.html|zComplete dataset |